| 000 | 00965nam a2200253 i 4500 | ||
|---|---|---|---|
| 001 | bg | ||
| 003 | BPK | ||
| 005 | 20210825145543.0 | ||
| 008 | 970510s1994 pl f |000 0 pol | ||
| 015 | _aPB 1994/10509 | ||
| 020 | _a8390142015 | ||
| 040 |
_aWA N _cBPK |
||
| 080 | _a349.442(438) | ||
| 100 | 1 |
_aKorzeniewski, Władysław _eAutor |
|
| 245 | 1 | 0 |
_aPoradnik stosowania prawa budowlanego : _bzawiera tekst ustawy z dnia 7 lipca 1994 r. wraz z komentarzem / _cWładysław Korzeniewski ; Polskie Towarzystwo Ekonomiczne. Oddział Zakład Szkolenia Ekonomicznego w Koszalinie. |
| 246 | 1 | 4 | _aPrawo budowlane. |
| 260 |
_aKoszalin : _bPTE OZSE, _c1994. |
||
| 300 |
_a151 s. ; _c21 cm. |
||
| 500 | _aTyt. okł. : Prawo budowlane - przepisy i komentarz. | ||
| 650 | 4 |
_aBudownictwo _xprawo _zPolska. |
|
| 655 | 4 | _aPoradnik | |
| 856 |
_uhttp://koha.tu.koszalin.pl/cgi-bin/koha/opac-detail.pl?biblionumber=30912 _yKatalog online BPK |
||
| 942 |
_2UKD _cKS |
||
| 999 |
_c30912 _d30912 |
||